|
|
|
|
| LEADER |
00000cam a2200000 4500 |
| 001 |
vtls012156191 |
| 003 |
SK-MaSNL |
| 005 |
20260301151713.0 |
| 008 |
221207s2022 xo g 000 f slo |
| 015 |
|
|
|a SNBA2023/08
|
| 020 |
|
|
|a 9788022024327
|q (viazané)
|
| 040 |
|
|
|a SNK
|b slo
|c SNK
|e rda
|
| 041 |
1 |
|
|a slo
|h eng
|
| 044 |
|
|
|a xo
|c SK
|
| 072 |
|
7 |
|a 821.111-3
|x Anglická próza, anglicky písaná
|2 konspekt
|
| 080 |
|
|
|a 821.111-31
|2 2011
|
| 080 |
|
|
|a (0:82-312.4)
|2 2011
|
| 100 |
1 |
|
|a Christie, Agatha,
|d 1890-1976
|4 aut
|9 88099
|
| 240 |
1 |
4 |
|a The seven dials mystery
|l Slovensky
|
| 245 |
1 |
0 |
|a Záhada siedmich ciferníkov
|c Agatha Christie ; z anglického originálu The seven dials mystery preložila Alexandra Ruppeldtová
|
| 250 |
|
|
|a Prvé vydanie
|
| 264 |
|
1 |
|a Bratislava
|b Slovenský spisovateľ, a.s.
|c 2022
|
| 300 |
|
|
|a 227 strán
|c 21 cm
|
| 336 |
|
|
|a text
|b txt
|2 rdacontent
|
| 337 |
|
|
|a bez média
|b n
|2 rdamedia
|
| 338 |
|
|
|a zväzok
|b nc
|2 rdacarrier
|
| 655 |
|
7 |
|a anglické romány
|2 SNKPH
|9 70428
|
| 655 |
|
7 |
|a detektívne romány
|2 SNKPH
|9 70455
|
| 655 |
|
7 |
|a English fiction
|2 SNKPHeng
|9 109944
|
| 655 |
|
7 |
|a Detective novels
|2 SNKPHeng
|9 121444
|
| 700 |
1 |
|
|a Ruppeldtová, Alexandra,
|d 1954-
|4 trl
|9 90839
|
| 852 |
|
|
|a Slovenská národná knižnica
|
| 919 |
|
|
|a 978-80-220-2432-7
|
| 954 |
|
|
|a beletria cudzojazyčná (svetová)
|2 lita
|
| 958 |
|
|
|a LX
|
| 958 |
|
|
|a UP
|
| 968 |
|
|
|b ENG
|
| 999 |
|
|
|c 787348
|d 789278
|
| 952 |
|
|
|a SNK
|b SNK
|y PREZ
|7 0
|p 17A1516240
|o snkSC 200099
|i snk2022/18311
|8 0
|0 0
|1 0
|4 0
|d 2022-12-07
|l 0
|r 2025-10-22 00:00:00
|w 2026-02-24
|
| 952 |
|
|
|a SNK
|b SNK
|y PREZ
|7 0
|p 17A1516241
|o snkSC 200099 D1
|i snk2022/18312
|8 0
|0 0
|1 0
|4 0
|d 2022-12-07
|l 0
|r 2026-02-24 01:24:53
|w 2026-02-24
|